|
|
|
|
| LEADER |
00803nab a2200181 i 4500 |
| 001 |
misc27340 |
| 005 |
20191111110827.0 |
| 008 |
170901suuuu hu o 0|| zxx d |
| 040 |
|
|
|a SZTE Miscellanea Repozitórium
|b hun
|
| 041 |
|
|
|a zxx
|
| 100 |
1 |
|
|a Tószegi Anna
|
| 245 |
1 |
0 |
|a Experimentelle Untersuchungen an Präneoplastischen Rattenlebern mit besonderer Rücksicht auf enzymhistochemische und mitochondriale Verländungen ; Über einige Zeichen von Eisenstoffwechselstörungen im Verlauf experimenteller Hepatokarzinogenesen
|h [elektronikus dokumentum] /
|c Tószegi Anna
|
| 300 |
|
|
|a 129-134
|
| 490 |
0 |
|
|a Kolligátum
|
| 695 |
|
|
|a Szövettan - tanulmány
|
| 700 |
0 |
1 |
|a Horváth Éva
|e aut
|
| 700 |
0 |
1 |
|a Korpássy Béla
|e aut
|
| 856 |
4 |
0 |
|u http://misc.bibl.u-szeged.hu/27340/1/020_006_129-134.pdf
|z Dokumentum-elérés
|